3G Networks Architecture Protocols & Proceedures (Record no. 23359)

000 -LEADER
fixed length control field 00291nam a22000977a 4500
008 - FIXED-LENGTH DATA ELEMENTS--GENERAL INFORMATION
fixed length control field 130411b xxu||||| |||| 00| 0 eng d
020 ## - INTERNATIONAL STANDARD BOOK NUMBER
Terms of availability Avalable
082 ## - DEWEY DECIMAL CLASSIFICATION NUMBER
Classification number 621.385KAS
Author Mark 000077
245 ## - TITLE STATEMENT
Title 3G Networks Architecture Protocols & Proceedures
Statement of responsibility, etc. Kasera,Sumit
260 ## - PUBLICATION, DISTRIBUTION, ETC.
Place of publication, distribution, etc. India
Name of publisher, distributor, etc. Tata McGraw-Hill
Date of publication, distribution, etc. 2004
Holdings
Withdrawn status Lost status Source of classification or shelving scheme Damaged status Not for loan Permanent Location Current Location Shelving location Date acquired Total Checkouts Full call number Barcode Date last seen Price effective from Koha item type
          School of Interdisciplinary Engineering and Sciences (SINES) School of Interdisciplinary Engineering and Sciences (SINES) General Stacks 04/11/2013   621.385KAS RCMS 000077 04/11/2013 04/11/2013 Book
© 2023 Central Library, National University of Sciences and Technology. All Rights Reserved.